Yoruba orature and literature a cultural analysis

שמור ב:
מידע ביבליוגרפי
מחבר ראשי: ILESANMI, Thomas Makanjuola
פורמט: ספר
שפה:אנגלית
יצא לאור: Obafemi Awolowo University Press, 2004
תגים: הוספת תג
אין תגיות, היה/י הראשונ/ה לתייג את הרשומה!

MARC

LEADER 00000nam a22000007a 4500
008 210414b ||||| |||| 00| 0 eng d
020 |a  978-136-143 
100 |a ILESANMI, Thomas Makanjuola 
245 |a Yoruba orature and literature  |b a cultural analysis  |c Thomas Makanjuola Ilesanmi  |g v, 152p.; ill. 
260 |b Obafemi Awolowo University Press,   |c  2004  |h  Ile-Ife, Nigeria  |i 689355  |i  689356  |l PL8823.5 .Yo7Il3  |m Yoruba literature – History and criticism  |m Yoruba (African people), Social life and customs  |m Oral tradition in literature  |m Oral tradition – Nigeria 
942 |a lcc  |c BK  |e ADEKANYE, I. H.  |f 14/04/2021 
952 |0 0  |1 0  |2 lcc  |4 0  |6 PL88235 .YO00007IL00003  |7 0  |9 2124  |a HOL  |b ART  |c LP  |d 2021-04-14  |l 0  |o PL8823.5 .Yo7Il3  |p 2021-5978  |r 2021-04-14 00:00:00  |w 2021-04-14  |y BK 
952 |0 0  |1 0  |2 lcc  |4 0  |6 PL88235 .YO00007IL00003  |7 0  |9 2125  |a HOL  |b HOL  |c LP  |d 2021-04-14  |l 0  |o PL8823.5 .Yo7Il3  |p 2021-5979  |r 2021-04-14 00:00:00  |w 2021-04-14  |y BK 
999 |c 1102  |d 1102